000 00792nam a22002297a 4500
005 20231222104228.0
010 _aENG-138708
020 _a9789390897926
_c795.00
035 _aEN-122240
037 _bDBAD/PUB
082 _a372.6521
_21
100 _aDinakar, P.
_960150
245 _aPedagogy of English/
_cBy P Dinakar; Katyayani R.K and Girija Raman
250 _a1
260 _aNew Delhi
_bNeelkamal Publications
_c2018
_c2022
270 _a4764/1, 23, Ansari Road
_bDaryaganj, New Delhi
_e110002
_k011-23244237
_k9811828953
_mneelkamalbooks@gmail.com
300 _axii+169p.
_c25cm(hbk)
500 _aIncludes bibliographical references
700 _aR.K , Katyayani
_eAuthor
_960151
700 _aRaman, Girija
_eAuthor
_960152
942 _2ddc
_cEN
_h372.6521
_mDIN
999 _c199771
_d199771